000 00387nam a2200169Ia 4500
005 20250429034017.0
008 240331s9999 xx 000 0 und d
082 _bGNA
_a294
100 _aGnanai,
245 0 _aKadavulyean innum sagavillai
250 _a2nd
260 _aCoimbatore
_bNihal
_c1997
300 _a116 + 16 p .,
650 _aReligion
650 _aHistory
942 _cL
999 _c1368
_d1368